Bean and Lockwood`s rating valuation practice (Record no. 87202)

MARC details
000 -LEADER
fixed length control field 00635cam a2200229 4500
008 - FIXED-LENGTH DATA ELEMENTS--GENERAL INFORMATION
fixed length control field 090401t1987 xxu||||| |||| 00| 0 eng d
020 ## - INTERNATIONAL STANDARD BOOK NUMBER
International Standard Book Number 042047420X
035 ## - SYSTEM CONTROL NUMBER
System control number (Sirsi) u14679
041 ## - LANGUAGE CODE
Language code of text/sound track or separate title eng
050 ## - LIBRARY OF CONGRESS CALL NUMBER
Classification number 336.21
100 ## - MAIN ENTRY--PERSONAL NAME
Personal name Bean, Philip Rimmington
245 ## - TITLE STATEMENT
Title Bean and Lockwood`s rating valuation practice
250 ## - EDITION STATEMENT
Edition statement 7th ed.
260 ## - PUBLICATION, DISTRIBUTION, ETC.
Place of publication, distribution, etc. London
Name of publisher, distributor, etc. Sweet and Maxwell
Date of publication, distribution, etc. 1987
300 ## - PHYSICAL DESCRIPTION
Extent xxxiv, 483p. ; 25cm.
350 ## - PRICE (NR) (BK AM CF MU VM SE) [OBSOLETE]
Price 58
520 ## - SUMMARY, ETC.
Summary, etc. This edition by Bassett,John C. ; Mackmin,David H. Thomas, William .
650 ## - SUBJECT ADDED ENTRY--TOPICAL TERM
Topical term or geographic name entry element RATES AND RATING
700 ## - ADDED ENTRY--PERSONAL NAME
Personal name Lockwood, Arthur
942 ## - ADDED ENTRY ELEMENTS (KOHA)
Suppress in OPAC 0
948 ## - LOCAL PROCESSING INFORMATION (OCLC); SERIES PART DESIGNATOR (RLIN)
c (OCLC) 04/03/1997
Holdings
Withdrawn status Lost status Source of classification or shelving scheme Damaged status Not for loan Home library Current library Shelving location Date acquired Cost, normal purchase price Total Checkouts Full call number Barcode Date last seen Date last checked out Copy number Cost, replacement price Price effective from Koha item type
    Dewey Decimal Classification     London London Books 14/09/1999 58.00 6 336.21 30003070 06/08/2019 30/06/2005 1 58.00 06/08/2019 Book
    Dewey Decimal Classification     London London Books 14/09/1999 58.00   336.21 30024134 06/08/2019   2 58.00 06/08/2019 Book